| 000 | 00000nam 2200000za 4500 |
| 001 | 9.825788 |
| 003 | CaOODSP |
| 005 | 20221107144435 |
| 007 | cr ||||||||||| |
| 008 | 170509s2016 quc o f000 0 eng d |
| 020 | |a978-0-660-06542-7|z978-0-660-06541-0 |
| 040 | |aCaOODSP|beng |
| 043 | |an-cn--- |
| 086 | 1 |aIP54-58/2016E-PDF|zIP54-58/2016 |
| 245 | 02|aA guide for businesses and organizations |h[electronic resource] : |bprivacy toolkit : Canada’s Personal Information and Electronic Documents Act. |
| 246 | 30|aPrivacy toolkit : |bCanada’s Personal Information and Electronic Documents Act |
| 250 | |aUpdated December 2015. |
| 260 | |aGatineau, QC : |bOffice of the Privacy Commissioner of Canada, |c[2016] |
| 300 | |a38 p. |
| 500 | |aIssued also in French under title: Guide à l’intention des entreprises et des organisations : trousse d’outils en matière de vie privée : la Loi sur la protection des renseignements personnels et les documents électroniques du Canada. |
| 500 | |aCover title. |
| 500 | |a"This guide deals only with Part 1 of the Act. All references to the Act in this document refer only to Part 1. Parts 2 to 5 of the Act concern the use of electronic documents and signatures as legal alternatives to original documents and signatures"--Verso of cover. |
| 500 | |aThe catalogue number (IP54-58/2016) and ISBN (978-0-660-06541-0) for the bilingual print edition have been copied in this electronic publication. |
| 520 | |a“The Office of the Privacy Commissioner of Canada has prepared this guide to help organizations fulfill their responsibilities under the Personal Information Protection and Electronic Documents Act (PIPEDA). Individuals will appreciate doing business with organizations that demonstrate a respect for their privacy rights, which can ultimately lead to a competitive advantage for businesses. Organizations can see this as an opportunity to review and improve their personal information handling practices"--Overview, p. 1. |
| 530 | |aIssued also in bilingual print format. |
| 692 | 07|2gccst|aPrivacy |
| 692 | 07|2gccst|aPersonal information |
| 692 | 07|2gccst|aGovernment policy |
| 710 | 2 |aOffice of the Privacy Commissioner of Canada. |
| 775 | 08|tGuide à l’intention des entreprises et des organisations |w(CaOODSP)9.825789 |
| 776 | 0#|tPrivacy toolkit : |w(CaOODSP)9.825784 |
| 795 | |tA guide for businesses and organizations - privacy toolkit : |w(CaOODSP)9.699026 |
| 856 | 40|qPDF|s1.06 MB|uhttps://publications.gc.ca/collections/collection_2017/cpvp-opc/IP54-58-2016-eng.pdf |